| 000 -ლიდერი |
| ფიქსირებული სიგრძის საკონტროლო ველი |
01518nam a2200265Ia 4500 |
| 001 - საკონტროლო ნომერი |
| საკონტროლო ველი |
23286 |
| 003 - საკონტროლო ნომრის იდენტიფიკატორი |
| საკონტროლო ველი |
GE_BSU |
| 005 - ბოლო ოპერაციის თარიღი და დრო |
| საკონტროლო ველი |
20230518163915.0 |
| 008 - ფიქსირებული სიგრძის მონაცემთა ელემენტები - ზოგადი ინფორმაცია |
| ფიქსირებული სიგრძის საკონტროლო ველი |
181216s2018ge xx |||||||||||||| ||geo|| |
| 020 ## - წიგნის საერთაშორისო სტანდარტული ნომერი |
| International Standard Book Number |
9789941263163 |
| 040 ## - კატალოგიზაციის წყარო |
| Transcribing agency |
GE_BSU |
| 041 ## - ენის კოდი |
| Language code of text/sound track or separate title |
geo |
| 080 ## - უნივერსალური ათობითი კლასიფიკაციის ინდექსი |
| Universal Decimal Classification number |
94(479.22)"1918 ო-87 |
| 245 ## - ცნობა სათაურის შესახებ |
| Title |
ხასან თხილაიშვილი კაცი, რომელიც ლეგენდად იქცა |
| Remainder of title |
1918 წლის 14 ივლისის "რეფერენდუმის" 100 წლისთავის გამო / |
| Statement of responsibility, etc |
ავტ. შემგდ. უჩა ოქროპირიძე, რედ. ა. სონღულაშვილი |
| 264 ## - წარმოების, გამოცემის, დისტრიბუციის და სხვა ცნობები |
| გამოცემის, წარმოების, დისტრიბუციის... ადგილი |
თბილისი : |
| გამოცემის, წარმოების, დისტრიბუციის... სახელწოდება |
უნივერსალი, |
| გამოცემის, წარმოების, დისტრიბუციის... თარიღი |
2018. |
| 300 ## - ფიზიკური აღწერა |
| Extent |
195 გვ. |
| Other physical details |
ილ. ფ. |
| Dimensions |
20 სმ. |
| 504 ## - BIBLIOGRAPHY, ETC. NOTE |
| Bibliography, etc |
ბიბლ.გვ.181-183 |
| 520 ## - SUMMARY, ETC. |
| Summary, etc |
რეზიუმე ტექსტის ბოლოს რუს და ინგლ. ენ. |
| 653 ## - INDEX TERM--UNCONTROLLED |
| Uncontrolled term |
ისტორია |
| 653 ## - INDEX TERM--UNCONTROLLED |
| Uncontrolled term |
ქობულეთ-აჭარის თურქული ოკუპაციის პერიოდი |
| 653 ## - INDEX TERM--UNCONTROLLED |
| Uncontrolled term |
ხასან თხილაიშვილი კაცი, რომელიც ლეგენდად იქცა |
| 700 ## - ADDED ENTRY--PERSONAL NAME |
| Personal name |
ოქროპირიძე, უჩა |
| Relator term |
ავტორ შემდგენელი |
| 9 (RLIN) |
18129 |
| 700 ## - ADDED ENTRY--PERSONAL NAME |
| Personal name |
სონღულაშვილი, ა |
| Relator term |
რედაქტორი |
| 9 (RLIN) |
18130 |
| 942 ## - ADDED ENTRY ELEMENTS (KOHA) |
| Koha item type |
წიგნი |
| Source of classification or shelving scheme |
|